Hiện trạng chất lượng môi trường nước ở rạch Cái Khế, Thành phố Cần Thơ
Đề tài xác định các nguồn ô nhiễm, nguyên nhân gây ô nhiễm và đề xuất các biện pháp hạn chế ô nhiễm môi trường nước ở rạch Cái Khế
Đã lưu trong:
| 主要作者: | |
|---|---|
| 格式: | 图书 |
| 语言: | Undetermined |
| 出版: |
Cần Thơ
Trường Đại học Cần Thơ
2004
|
| 主题: | |
| 标签: |
添加标签
没有标签, 成为第一个标记此记录!
|
| Thư viện lưu trữ: | Trung tâm Học liệu Trường Đại học Cần Thơ |
|---|
| LEADER | 00947nam a2200193Ia 4500 | ||
|---|---|---|---|
| 001 | CTU_142572 | ||
| 008 | 210402s9999 xx 000 0 und d | ||
| 082 | |a 628.4 | ||
| 082 | |b Ng406 | ||
| 100 | |a Võ, Văn Ngoan | ||
| 245 | 0 | |a Hiện trạng chất lượng môi trường nước ở rạch Cái Khế, Thành phố Cần Thơ | |
| 245 | 0 | |c Võ Văn Ngoan; Nguyễn Văn Bé giáo viên hướng dẫn | |
| 260 | |a Cần Thơ | ||
| 260 | |b Trường Đại học Cần Thơ | ||
| 260 | |c 2004 | ||
| 520 | |a Đề tài xác định các nguồn ô nhiễm, nguyên nhân gây ô nhiễm và đề xuất các biện pháp hạn chế ô nhiễm môi trường nước ở rạch Cái Khế | ||
| 650 | |a Environmental sciences,Liquid wastes,Khoa học môi trường | ||
| 904 | |i Năm | ||
| 980 | |a Trung tâm Học liệu Trường Đại học Cần Thơ | ||